000
00289nam a22001337a 4500
008
170421b xxu||||| |||| 00| 0 eng d
020
_a
03062000082
041
_a
eng
080
_a
573
100
_a
11
101
_a
SHM
245
_a
BIOLOGICAL CONTROL
_c
HUFFAKER, C.B
942
_2
udc
_c
BK
999
_c
11392
_d
11392